| 000 | 00697cam a2200229 4500 | ||
|---|---|---|---|
| 001 | ABS65232 | ||
| 008 | 020327n2002 000 0 eng u | ||
| 035 | _a(Sirsi) u117250 | ||
| 245 | _aRegional survey: Wales | ||
| 260 | _c2002 | ||
| 490 |
_aProperty Week _v67(10) 15 March 2002, 73-92(11) |
||
| 590 | _aABS | ||
| 650 | _aWALES | ||
| 650 | _aNORTH WALES | ||
| 650 | _aCARDIFF | ||
| 650 | _aINDUSTRIAL MARKET | ||
| 650 | _aINVESTMENT | ||
| 650 | _aPROPERTY-COMMERCIAL PROPERTY-OFFICE PROPERTY-OFFICE PROPERTY MARKET | ||
| 650 | _aPROPERTY-COMMERCIAL PROPERTY-RETAIL PROPERTY-RETAIL PROPERTY MARKET | ||
| 690 | _aPROPERTY-COMMERCIAL PROPERTY-COMMERCIAL PROPERTY MARKET | ||
| 942 | _n0 | ||
| 999 |
_c69848 _d69848 |
||